000 00308nam a22001337a 4500
003 OSt
005 20231128155538.0
008 231128b |||||||| |||| 00| 0 eng d
040 _cCO-JMCR
082 _aN /
_bTANa
100 _aTanizaki, Junichiro,
_943001
245 _aArenas movedizas /
942 _2ddc
_cBK
999 _c30418
_d16802